| Tag |
First Indicator |
Second Indicator |
Subfields |
| LEADER |
00000cam a2200000 4500 |
| 001 |
in00000047086 |
| 005 |
20151007065421.0 |
| 008 |
730105s1961 nyu b 00000 eng u |
| 010 |
|
|
|a 60016909
|
| 035 |
|
|
|a (OCoLC)00530063
|
| 035 |
|
|
|9 AAE1956AM
|
| 040 |
|
|
|c WSU
|d TXA
|d UtOrBLW
|
| 049 |
|
|
|a TXAM
|c [338949]
|
| 050 |
|
0 |
|a QB351
|b .B7 1961
|
| 092 |
|
|
|a 521.1
|b B876m, 1961
|
| 100 |
1 |
|
|a Brouwer, Dirk,
|d 1902-
|
| 245 |
1 |
0 |
|a Methods of celestial mechanics /
|c [by] Dirk Brouwer [and] Gerald M. Clemence.
|
| 264 |
|
1 |
|a New York :
|b Academic Press,
|c 1961.
|
| 300 |
|
|
|a 598 pages
|
| 336 |
|
|
|a text
|b txt
|2 rdacontent
|
| 337 |
|
|
|a unmediated
|b n
|2 rdamedia
|
| 338 |
|
|
|a volume
|b nc
|2 rdacarrier
|
| 504 |
|
|
|a Includes bibliography.
|
| 650 |
|
0 |
|a Celestial mechanics.
|
| 700 |
1 |
|
|a Clemence, Gerald M.
|q (Gerald Maurice),
|d 1908-
|
| 999 |
|
|
|a MARS
|
| 999 |
f |
f |
|s 30203879-0219-33a0-9ae3-516c8a0309b4
|i e38b389a-c0a4-3861-ae27-e01c647fede6
|t 0
|
| 952 |
f |
f |
|p normal
|a Texas A&M University
|b College Station
|c Sterling C. Evans Library
|d Evans: Library Stacks
|t 0
|e QB351 .B7 1961
|h Library of Congress classification
|i unmediated -- volume
|m A14800899032
|
| 998 |
f |
f |
|a QB351 .B7 1961
|t 0
|l Evans: Library Stacks
|